Ana Türkçede kapalı e ünlüsü

Elmentve itt :
Bibliográfiai részletek
Szerző: Yılmaz Emine
Dokumentumtípus: Könyv része
Megjelent: 2007
Sorozat:Studia uralo-altaica 47
Turcology in Turkey : selected papers 47
Kulcsszavak:Turkológia
Tárgyszavak:
Online Access:http://acta.bibl.u-szeged.hu/16668
LEADER 00711naa a2200217 i 4500
001 acta16668
005 20220118153216.0
008 161015s2007 hu o 0|| tur d
022 |a 0133-4239 
040 |a SZTE Egyetemi Kiadványok Repozitórium  |b hun 
041 |a tur 
100 1 |a Yılmaz Emine 
245 1 0 |a Ana Türkçede kapalı e ünlüsü  |h [elektronikus dokumentum] /  |c  Yılmaz Emine 
260 |c 2007 
300 |a 521-539 
490 0 |a Studia uralo-altaica  |v 47 
490 0 |a Turcology in Turkey : selected papers  |v 47 
650 4 |a Bölcsészettudományok 
650 4 |a Nyelvek és irodalom 
695 |a Turkológia 
856 4 0 |u http://acta.bibl.u-szeged.hu/16668/1/altaica_047_521-539.pdf  |z Dokumentum-elérés